| 000 | 00552nam a22001817a 4500 | ||
|---|---|---|---|
| 003 | OSt | ||
| 005 | 20140310182205.0 | ||
| 008 | 130903t xxu||||| |||| 00| 0 eng d | ||
| 020 | _a8122200052 | ||
| 050 |
_aHF 5386 _b.N561 1986 |
||
| 082 |
_aHS 158 _b NEW 1986 |
||
| 245 |
_aSecret of success. _b become a winner discover the exciting life of success and achievement _cCharles Newton. |
||
| 260 |
_aNew Delhi : _bOrient paperbacks, _cc1986. |
||
| 300 |
_a142 p. : _bill. ; _c17 cm. |
||
| 650 |
_aSuccess. _9730 |
||
| 942 |
_2lcc _cHS |
||
| 999 |
_c10308 _d10308 |
||